[Event "Challenge"]
[Site "http://www.queenalice.com/game.php?id=155614"]
[Date "2007.1.18"]
[Round "-"]
[White "Macuei"]
[Black "joaofernandesneto"]
[Result "0-1"]
[WhiteElo "1699"]
[BlackElo "1865"]

1. d4 d5 2. Nf3 Nc6 3. g3 Bf5 4. Bg2 Nb4 5. Na3 c5 6. dxc5 Qa5 7. c3 Na6 8. b4
Nxb4 9. Nd4 Be4 10. O-O Bxg2 11. Kxg2 Na6 12. c6 Qxc3 13. Nac2 bxc6 14. Bd2 Qc5
15. Rb1 e5 16. Nf3 Qd6 17. a3 Nf6 18. Bc3 Nd7 19. Nb4 Nac5 20. e3 Be7 21. Nd3
Bf6 22. Nxc5 Nxc5 23. Bb4 Be7 24. Ra1 Qf6 25. Rc1 Ne4 26. Bxe7 Kxe7 27. Qa4 Rhc8
28. Qb4+ Ke8 29. Qa4 Kf8 30. Rc2 Rc7 31. Rd1 Rb8 32. Rdc1 Rb6 33. Nd2 Qxf2+ 34.
Kh1 Nxg3+ 35. hxg3 c5 36. Qg4 Rh6+ 0-1

[Event "Challenge"]
[Site "http://www.queenalice.com/game.php?id=157844"]
[Date "2007.1.23"]
[Round "-"]
[White "joaofernandesneto"]
[Black "Blackangel"]
[Result "0-1"]
[WhiteElo "1754"]
[BlackElo "1920"]

1. d4 d5 2. Nc3 Nc6 3. e3 a6 4. Nf3 Nf6 5. a3 e6 6. Bd3 Bd6 7. O-O O-O 8. Re1 b6
9. Ne2 e5 10. dxe5 Nxe5 11. Nxe5 Bxe5 12. Nd4 Bxh2+ 13. Kxh2 Ng4+ 14. Kg1 Qh4
15. Qf3 Qh2+ 16. Kf1 Qh5 17. Ke2 c5 18. Nc6 Re8 19. b4 Re6 20. Nd8 Rf6 21. Qg3
Rxf2+ 22. Qxf2 Nxf2+ 23. Kxf2 Qh4+ 24. g3 Qf6+ 25. Kg2 Qxa1 0-1

[Event "AUTO-OPEN-366"]
[Site "http://www.queenalice.com/game.php?id=172568"]
[Date "2007.2.22"]
[Round "2"]
[White "joaofernandesneto"]
[Black "mateintwo"]
[Result "0-1"]
[WhiteElo "1863"]
[BlackElo "2259"]

1. d4 f5 2. Bf4 Nf6 3. Nc3 e6 4. Nf3 Bb4 5. Qd3 b6 6. Nd2 O-O 7. Qc4 c5 8. dxc5
Bxc5 9. b4 d5 10. Qb3 Bd6 11. Bg5 Nc6 12. a3 h6 13. Bh4 g5 14. Bg3 f4 15. e3 Ng4
16. exf4 gxf4 17. Nxd5 fxg3 18. hxg3 Be5 19. Rd1 Nd4 20. Qd3 exd5 21. Qg6+ Bg7
22. f3 Qc7 23. fxg4 Qxg3# 0-1

[Event "AUTO-OPEN-366"]
[Site "http://www.queenalice.com/game.php?id=172569"]
[Date "2007.2.22"]
[Round "2"]
[White "mateintwo"]
[Black "joaofernandesneto"]
[Result "1-0"]
[WhiteElo "2258"]
[BlackElo "1865"]

1. e4 e5 2. Nf3 d6 3. d4 exd4 4. Qxd4 c5 5. Qd3 Be7 6. Nc3 a6 7. Bf4 Nf6 8.
O-O-O Ng4 9. Qe2 Be6 10. e5 d5 11. h3 g5 12. hxg4 gxf4 13. Nxd5 Bxd5 14. c4 Nd7
15. cxd5 Nb6 16. d6 Bf8 17. Qe4 Bg7 18. Qxb7 a5 19. e6 fxe6 20. Qxg7 Rf8 21.
Bb5+ Nd7 22. Rxh7 Ra7 23. Qg6+ Rf7 24. Qxf7# 1-0

[Event "Challenge"]
[Site "http://www.queenalice.com/game.php?id=179095"]
[Date "2007.3.9"]
[Round "-"]
[White "Nelson"]
[Black "joaofernandesneto"]
[Result "1-0"]
[WhiteElo "2212"]
[BlackElo "1861"]

1. e4 e5 2. Nf3 Nc6 3. d4 exd4 4. Nxd4 Qf6 5. Be3 Nxd4 6. Bxd4 Qc6 7. Nc3 Bb4 8.
Bxg7 Nf6 9. Qd4 Be7 10. Bxh8 Bc5 11. Qxf6 Bb4 12. O-O-O Bxc3 13. Qxc3 Qh6+ 14.
Kb1 c6 15. Qe5+ Kf8 16. Rd6 Qh4 17. Bg7+ Kg8 18. Bc4 b5 19. Qe8+ Kxg7 20. Qxf7+
Kh8 21. Qg8# 1-0

[Event "AUTO-OPEN-359"]
[Site "http://www.queenalice.com/game.php?id=183147"]
[Date "2007.3.16"]
[Round "2"]
[White "razoman"]
[Black "joaofernandesneto"]
[Result "1-0"]
[WhiteElo "1942"]
[BlackElo "1842"]

1. e4 e5 2. Nf3 d6 3. h3 Nf6 4. Nc3 Nc6 5. Bb5 Bd7 6. O-O Nd4 7. Bxd7+ Qxd7 8.
d3 Be7 9. Ne2 Nxf3+ 10. gxf3 Qxh3 11. Ng3 Nh5 12. Nxh5 Qxh5 13. f4 Qg6+ 14. Kh2
Qh6+ 15. Kg2 exf4 16. Qg4 g5 17. Rh1 Qg6 18. Bd2 h5 19. Qf3 1-0

[Event "AUTO-OPEN-359"]
[Site "http://www.queenalice.com/game.php?id=183148"]
[Date "2007.3.16"]
[Round "2"]
[White "joaofernandesneto"]
[Black "razoman"]
[Result "0-1"]
[WhiteElo "1855"]
[BlackElo "1929"]

1. d4 e6 2. e4 d5 3. Bd3 c6 4. Nf3 dxe4 5. Bxe4 Nf6 6. Bg5 Be7 7. Bxf6 Bxf6 8.
O-O Nd7 9. Nc3 O-O 10. Qd3 g6 11. Rfe1 Nb6 12. Rad1 Nd5 13. a3 Bd7 14. Ne2 Qc7
15. c4 Nf4 16. Nxf4 Qxf4 17. b3 Be7 18. Ne5 Rad8 19. Re3 f5 0-1

[Event "AUTO-OPEN-359"]
[Site "http://www.queenalice.com/game.php?id=183155"]
[Date "2007.3.16"]
[Round "2"]
[White "mds"]
[Black "joaofernandesneto"]
[Result "1-0"]
[WhiteElo "2357"]
[BlackElo "1859"]

1. e4 e5 2. Nf3 d6 3. d4 exd4 4. Qxd4 Nc6 5. Bb5 Bd7 6. Bxc6 Bxc6 7. c4 Nf6 8.
Nc3 Qe7 9. O-O g6 10. Nd5 Bxd5 11. exd5 O-O-O 12. Re1 Qd7 13. Qxf6 Rg8 14. Qd4
Qa4 15. Bg5 Bg7 16. Bf6 Bxf6 17. Qxf6 Rd7 18. b3 Qb4 19. Re7 Rxe7 20. Qxe7 Qc3
21. Re1 b5 22. Qxf7 Rd8 23. cxb5 Kb7 24. Qe7 Rc8 25. Qd7 g5 26. Qc6+ Qxc6 27.
bxc6+ Ka8 28. Nxg5 h6 29. Ne6 a5 30. f4 Ka7 31. f5 Kb6 32. a4 Ka7 33. f6 1-0

[Event "AUTO-OPEN-359"]
[Site "http://www.queenalice.com/game.php?id=183156"]
[Date "2007.3.16"]
[Round "2"]
[White "joaofernandesneto"]
[Black "mds"]
[Result "0-1"]
[WhiteElo "1857"]
[BlackElo "2358"]

1. d4 Nf6 2. Nc3 d5 3. Bf4 c6 4. Nf3 Bf5 5. Bg5 e6 6. e3 Nbd7 7. Bd3 Qb6 8. Bxf5
exf5 9. Rb1 Be7 10. Qd3 g6 11. Ne5 Nxe5 12. dxe5 Nd7 13. Bxe7 Kxe7 14. f4 Nc5
15. Qd2 Rad8 16. O-O d4 17. exd4 Ne4 18. Nxe4 Rxd4 19. Qf2 Rxe4 20. g3 Rd8 21.
Kh1 Qxf2 22. Rxf2 Red4 23. c3 Rd1+ 24. Rxd1 Rxd1+ 25. Kg2 Ra1 26. b3 Rc1 27. c4
Rd1 28. h3 h5 29. g4 hxg4 30. hxg4 fxg4 31. Kh2 Ke6 32. Rg2 Kf5 33. Kg3 Rd3+ 0-1

[Event "AUTO-OPEN-359"]
[Site "http://www.queenalice.com/game.php?id=183161"]
[Date "2007.3.16"]
[Round "2"]
[White "joaofernandesneto"]
[Black "alexsoncini"]
[Result "0-1"]
[WhiteElo "1782"]
[BlackElo "2048"]

1. d4 Nf6 2. Nc3 d5 3. Bf4 c6 4. Nf3 Nbd7 5. Ne5 Qb6 6. Rb1 Nh5 7. Nxd7 Bxd7 8.
Be3 e6 9. Bd2 c5 10. e4 cxd4 11. Qxh5 dxc3 12. Bxc3 Bb4 13. Qh3 dxe4 14. Be2 Rc8
0-1

[Event "AUTO-OPEN-359"]
[Site "http://www.queenalice.com/game.php?id=183162"]
[Date "2007.3.16"]
[Round "2"]
[White "alexsoncini"]
[Black "joaofernandesneto"]
[Result "1-0"]
[WhiteElo "2053"]
[BlackElo "1777"]

1. d4 d5 2. e3 Nf6 3. Bd3 Nc6 4. Nd2 e6 5. c3 Bd6 6. f4 Bd7 7. Ngf3 Ne7 8. O-O
Ng4 9. Qe2 O-O 10. Ne5 Nf6 11. g4 Bxe5 12. fxe5 Ne8 13. e4 f6 14. Nf3 Ng6 15.
exf6 1-0

[Event "AUTO-OPEN-364"]
[Site "http://www.queenalice.com/game.php?id=183901"]
[Date "2007.3.18"]
[Round "2"]
[White "esserivi"]
[Black "joaofernandesneto"]
[Result "1-0"]
[WhiteElo "1998"]
[BlackElo "1745"]

1. d4 d5 2. c4 Nf6 3. cxd5 Nxd5 4. e4 Nf6 5. Nc3 Nc6 6. Nf3 Bg4 7. Bb5 Bd7 8. e5
Ng8 9. d5 Nb8 10. Bxd7+ Qxd7 11. O-O e6 12. Qb3 b6 13. Bf4 Be7 14. Rfd1 Qc8 15.
d6 Bd8 16. dxc7 Bxc7 17. Rac1 1-0

[Event "AUTO-OPEN-364"]
[Site "http://www.queenalice.com/game.php?id=183902"]
[Date "2007.3.18"]
[Round "2"]
[White "joaofernandesneto"]
[Black "esserivi"]
[Result "0-1"]
[WhiteElo "1761"]
[BlackElo "1980"]

1. d4 d5 2. Nc3 Nf6 3. Nf3 e6 4. Bg5 Nbd7 5. Ne5 c5 6. e3 Qb6 7. b3 cxd4 8. exd4
Bb4 9. Bd2 Qxd4 10. Nxd7 Bxd7 11. Bd3 Bxc3 12. Rb1 O-O 13. O-O Bxd2 14. Qxd2 Qb6
15. c3 Ne4 16. Qc2 Rac8 0-1

[Event "AUTO-OPEN-364"]
[Site "http://www.queenalice.com/game.php?id=183909"]
[Date "2007.3.18"]
[Round "2"]
[White "gustavline"]
[Black "joaofernandesneto"]
[Result "1-0"]
[WhiteElo "1660"]
[BlackElo "1830"]

1. e4 e5 2. Nf3 d6 3. Nc3 Nf6 4. d3 Nc6 5. Be2 Be7 6. O-O O-O 7. a4 Nd4 8. b4
Nxe2+ 9. Qxe2 Bg4 10. h3 Bh5 11. Nd1 c6 12. g4 Nxg4 13. hxg4 Bxg4 14. Ne3 Bh5
15. Ng2 f5 16. Qe3 f4 17. Qd2 Bxf3 18. Re1 Bh4 19. d4 1-0

[Event "AUTO-OPEN-364"]
[Site "http://www.queenalice.com/game.php?id=183910"]
[Date "2007.3.18"]
[Round "2"]
[White "joaofernandesneto"]
[Black "gustavline"]
[Result "0-1"]
[WhiteElo "1807"]
[BlackElo "1683"]

1. d4 Nf6 2. Nc3 d6 3. e4 g6 4. Bg5 Bg7 5. Nf3 O-O 6. Bc4 Bg4 7. O-O Nc6 8. Be2
e6 9. a3 a6 10. d5 exd5 11. Nxd5 h6 12. Nxf6+ Bxf6 13. Bxh6 Re8 14. h3 Bxf3 15.
Bxf3 Rb8 16. c3 Ne5 17. Be2 Bg7 18. Qd2 Qf6 19. Bg5 Qe6 0-1

[Event "AUTO-OPEN-364"]
[Site "http://www.queenalice.com/game.php?id=183913"]
[Date "2007.3.18"]
[Round "2"]
[White "SPFC"]
[Black "joaofernandesneto"]
[Result "1-0"]
[WhiteElo "1742"]
[BlackElo "1726"]

1. d4 d5 2. c4 e6 3. a3 Nf6 4. Nc3 Be7 5. e3 Nc6 6. Qc2 e5 7. Be2 exd4 8. exd4
Nxd4 9. Qd3 dxc4 10. Qd2 Be6 11. Nf3 c5 12. O-O Bd6 13. Re1 Nb3 14. Qd1 Nxa1 15.
Nb5 Bc7 16. Nxc7+ Qxc7 17. Qa4+ Nd7 18. Bxc4 Qd6 19. Bxe6 fxe6 20. Bf4 Qd5 21.
Rxa1 1-0

[Event "AUTO-OPEN-364"]
[Site "http://www.queenalice.com/game.php?id=183914"]
[Date "2007.3.18"]
[Round "2"]
[White "joaofernandesneto"]
[Black "SPFC"]
[Result "0-1"]
[WhiteElo "1711"]
[BlackElo "1757"]

1. d4 d5 2. Nc3 Nf6 3. Nf3 Bg4 4. Ne5 Bh5 5. Bg5 h6 6. Bh4 Nc6 7. Nxc6 bxc6 8.
Bxf6 exf6 9. Qd3 Bg6 10. Qd2 Bb4 11. a3 Ba5 12. b4 Bb6 13. Na4 O-O 14. e3 Re8
15. c4 a6 16. Nxb6 cxb6 17. cxd5 Qxd5 18. Qc3 Be4 19. Bc4 Qg5 20. Rg1 Bd5 21.
Ke2 Bxc4+ 0-1

[Event "xeque-mate 2"]
[Site "http://www.queenalice.com/game.php?id=196929"]
[Date "2007.4.14"]
[Round "2"]
[White "joaofernandesneto"]
[Black "serapio"]
[Result "0-1"]
[WhiteElo "1690"]
[BlackElo "1562"]

1. d4 d5 2. Nf3 Nf6 3. Nc3 Nc6 4. Bf4 a6 5. Ne5 Nb4 6. a3 Nc6 7. e3 g6 8. Nxc6
bxc6 9. Bd3 Bg7 10. O-O O-O 11. Re1 c5 0-1